Přehled soudobých buržoazních ekonomických teorií : Svazek 1

Guardado en:
Detalles Bibliográficos
Formato: Libro
Lenguaje:checo
Publicado: Praha : Academia, 1980
Materias:
Etiquetas: Agregar Etiqueta
Sin Etiquetas, Sea el primero en etiquetar este registro!

MARC

LEADER 00000nam a22000003a 4500
001 stu45296
005 20150408180239.8
008 960130s1980----cs------------------cze-d
040 |a STU  |b slo 
041 0 |a cze 
044 |a cs 
080 |a 33  |7 stu_us_auth*stu7876 
245 |a Přehled soudobých buržoazních ekonomických teorií :  |b Svazek 1 
260 |a Praha :  |b Academia,  |c 1980 
300 |a 547 s 
650 7 |a Ekonomika buržoázna  |2 stusub 
996 |b 284M011626  |c M*6370/1-1  |l MMKN  |s A  |a 24  |w stu45296_0001